000 00999nas a2200313 4500
001 BR0402509
003 BR-BrBNA
005 20231205104551.0
007 ta
008 230509b bl.|||p| |||| 00| 00por d
040 _aBR-BrBNA
_bpor
_cBiblioteca Nacional de Agricultura
041 _a(Pt)
072 _aH20
100 1 _aMartins, M.V.V.
100 1 _aSilveira, S.F. da
100 1 _aCarvalho, A.J.C. de
100 1 _aSouza, E.F. de
245 1 _aErradicação de escleródios de Sclerotium rolfsii em substratos tratados em coletores solares, em Campos do Goytacazes - RJ
650 _aTRATAMENTO DO SOLO
650 _aPRODUÇÃO VEGETAL
650 _aMUDA
650 _aSCLEROTIUM ROLFSII
650 _aSUBSTRATO DE CULTURA
650 _aERRADICAÇÃO
650 _aCONTROLE TÉRMICO
773 0 _tRevista Brasileira de Fruticultura (Brazil)
_xISSN 0100-2945
_g(Dec 2003), v. 25(3) p. 421-424
_wBR0402509
909 _a202311
_bLúcia
_c55
_dLúcia Elande
942 _2AGRIS
_n0
_cANA
999 _c178751
_d178751